Интегрированная среда "визуального" проектирования корректирующих и согласующих цепей монолитных СВЧ устройств; Известия Томского политехнического университета [Известия ТПУ]; Т. 309, № 8

Detalles Bibliográficos
Parent link:Известия Томского политехнического университета [Известия ТПУ]/ Томский политехнический университет (ТПУ).— , 2000-
Т. 309, № 8.— 2006.— [С. 166-171]
Autor Principal: Шеерман Ф. И.
Outros autores: Бабак Л. И., Зайцев Д. А.
Summary:Заглавие с титульного листа
Электронная версия печатной публикации
Предлагается интерактивная "визуальная" процедура проектирования корректирующих и согласующих цепей монолитных СВЧ устройств, основанная на методике преобразования моделей. Рассмотрена реализация процедуры в интегрированной среде, объединяющей программу "визуального" проектирования пассивных цепей LOCUS-MMIC и систему проектирования СВЧ устройств Microwave Office. На примере синтеза монолитной согласующей цепи продемонстрирована эффективность предложенной процедуры.
Idioma:ruso
Publicado: 2006
Series:Технические науки
Subjects:
Acceso en liña:http://www.lib.tpu.ru/fulltext/v/Bulletin_TPU/2006/v309/i8/37.pdf
Formato: MixedMaterials Electrónico Capítulo de libro
KOHA link:https://koha.lib.tpu.ru/cgi-bin/koha/opac-detail.pl?biblionumber=171912

MARC

LEADER 00000nla2a2200000 4500
001 171912
005 20231031164147.0
035 |a (RuTPU)RU\TPU\book\186385 
035 |a RU\TPU\book\186381 
090 |a 171912 
100 |a 20091209d2006 k y0rusy50 ca 
101 0 |a rus 
102 |a RU 
135 |a drnn ---uucaa 
181 0 |a i  
182 0 |a b 
200 1 |a Интегрированная среда "визуального" проектирования корректирующих и согласующих цепей монолитных СВЧ устройств  |b Электронный ресурс  |f Ф. И. Шеерман, Л. И. Бабак, Д. А. Зайцев 
203 |a Текст  |c электронный 
215 |a 1 файл (638 Кб) 
225 1 |a Технические науки 
230 |a Электронные текстовые данные (1 файл : 638 Кб) 
300 |a Заглавие с титульного листа 
300 |a Электронная версия печатной публикации 
320 |a [Библиогр.: с. 171 (8 назв.)] 
330 |a Предлагается интерактивная "визуальная" процедура проектирования корректирующих и согласующих цепей монолитных СВЧ устройств, основанная на методике преобразования моделей. Рассмотрена реализация процедуры в интегрированной среде, объединяющей программу "визуального" проектирования пассивных цепей LOCUS-MMIC и систему проектирования СВЧ устройств Microwave Office. На примере синтеза монолитной согласующей цепи продемонстрирована эффективность предложенной процедуры. 
337 |a Adobe Reader 
461 1 |0 (RuTPU)RU\TPU\book\176237  |t Известия Томского политехнического университета [Известия ТПУ]  |f Томский политехнический университет (ТПУ)  |d 2000- 
463 1 |0 (RuTPU)RU\TPU\book\186329  |x 1684-8519  |t Т. 309, № 8  |v [С. 166-171]  |d 2006  |p 293 с. 
610 1 |a интегрированная среда 
610 1 |a визуальное проектирование 
610 1 |a корректирующие цепи 
610 1 |a согласующие цепи 
610 1 |a устройства 
610 1 |a монолитные устройства 
610 1 |a интерактивные процедуры 
610 1 |a визуальные процедуры 
610 1 |a модели 
610 1 |a пассивные цепи 
610 1 |a синтез 
610 1 |a монолитные цепи 
610 1 |a электронный ресурс 
610 1 |a СВЧ 
700 1 |a Шеерман  |b Ф. И. 
701 1 |a Бабак  |b Л. И. 
701 1 |a Зайцев  |b Д. А. 
801 1 |a RU  |b 63413507  |c 20090623  |g PSBO 
801 2 |a RU  |b 63413507  |c 20211115  |g PSBO 
856 4 |u http://www.lib.tpu.ru/fulltext/v/Bulletin_TPU/2006/v309/i8/37.pdf 
942 |c CF